| 000 | 01546nam a2200421 c 4500 | ||
|---|---|---|---|
| 999 |
_c50803 _d50803 |
||
| 001 | 50803 | ||
| 003 | ES-MaCES | ||
| 005 | 20180619140812.0 | ||
| 008 | 180619s2018 sp 0|| | spa d | ||
| 017 |
_aAB 345-2018 _bDL |
||
| 020 | _a9788417310233 | ||
| 040 |
_aES-MaCES _bspa _cES-MaCES |
||
| 100 | 1 |
_aLousada Arochena, José Fernando _917072 |
|
| 245 | 1 | 3 |
_aLa protección de la salud laboral de las personas trabajadoras especialmente sensibles a determinados riesgos _cJosé Fernando Lousada Arochena, Ricardo Pedro Ron Latas |
| 250 | _a1ª ed | ||
| 260 |
_aAlbacete _bBomarzo _c2018 |
||
| 300 |
_a89 p. _c21 cm |
||
| 490 | 1 |
_aBásicos de prevención de riesgos laborales _v9 |
|
| 504 | _aBibliografía: p. 87-89 | ||
| 541 | _cCompra | ||
| 650 | 4 |
_aseguridad en el trabajo _928348 |
|
| 650 | 4 |
_asalud en el trabajo _928347 |
|
| 650 | 4 |
_ariesgo _929564 |
|
| 650 | 4 |
_apersona con discapacidad _928689 |
|
| 650 | 4 |
_adiscriminación contra personas con discapacidad _929672 |
|
| 650 | 4 |
_aderechos de las personas con discapacidad _929698 |
|
| 650 | 4 |
_aresponsabilidad del empleador _930146 |
|
| 650 | 4 |
_aresponsabilidad civil _929046 |
|
| 650 | 4 |
_aderecho del trabajo _927165 |
|
| 650 | 4 |
_aderecho jurisprudencial _929863 |
|
| 650 | 4 |
_aEspaña _926964 |
|
| 650 | 4 |
_arégimen jurídico _929894 |
|
| 653 | 1 | 0 | _aDerecho del trabajo y Seguridad Social |
| 700 | 1 |
_939153 _aRon Latas, Ricardo Pedro |
|
| 830 | 0 |
_934232 _aBásicos de prevención de riesgos laborales _v9 |
|
| 902 | _aLIB Libro | ||
| 942 |
_2CES _cBK _h6.0.1. |
||